| 000 | 01022nam a2200229 a 4500 | ||
|---|---|---|---|
| 005 | 20140310183354.0 | ||
| 008 | 120919s19uu xx 00 eng d | ||
| 020 | _a9780521186667 | ||
| 050 |
_aPN 2871 _b.F8313 2012 |
||
| 100 | _aFu, Jin | ||
| 245 |
_aChinese theatre / _cFu Jin. |
||
| 260 |
_aCambridge ; New York, NY : _bCambridge University Press, _c2012. |
||
| 300 |
_a137 p. : _bcol. ill. ; _c24 cm. |
||
| 440 | _aIntroductions to Chinese culture | ||
| 500 | _aUniform title Zhongguo xi ju. "Originally published by China Intercontinental Press as The art of Chinese theatre (9787508516837) in 2010"--T.p. verso. "Translated from the original Chinese by Wang Wenliang, Wang Huan, and Zhang Lina"--Cover flap. | ||
| 520 | _aIn this illustrated introduction Fu Jin explores the origins and development of Chinese theater from ancient opera to modern drama. | ||
| 521 | _aMA | ||
| 650 |
_aTheater _xChina _xHistory |
||
| 650 |
_aChinese drama _xHistory and criticism |
||
| 942 |
_cBK _2lcc _kFOR |
||
| 999 |
_c22179 _d22179 |
||